Каштанка (Запись № 9563206)

Подробности
000 -МАРКЕР
контрольное поле 00893nam0a2200253 4500
001 - ИДЕНТИФИКАТОР ЗАПИСИ
контрольное поле RU\NLR\ONL1\17017
005 - ИДЕНТИФИКАТОР ВЕРСИИ
контрольное поле 20260406115355.0
035 ## - ДРУГИЕ СИСТЕМНЫЕ НОМЕРА
Идентификатор записи (NLR Aleph) 009645755
100 ## - ДАННЫЕ ОБЩЕЙ ОБРАБОТКИ
Данные общей обработки 20100713d1954 |||y0rusy50 ca
101 1# - ЯЗЫК РЕСУРСА
Язык текста, звукозаписи и т.д. мокшанский(морд.-мокша)
Язык оригинала русский
102 ## - СТРАНА ПУБЛИКАЦИИ ИЛИ ПРОИЗВОДСТВА
Страна публикации Российская Федерация
105 ## - ПОЛЕ КОДИРОВАННЫХ ДАННЫХ: ТЕКСТОВЫЕ МАТЕРИАЛЫ, МОНОГРАФИЧЕСКИЕ
Кодированные данные о монографическом текстовом документе a |||||||||
200 1# - ЗАГЛАВИЕ И СВЕДЕНИЯ ОБ ОТВЕТСТВЕННОСТИ
Основное заглавие Каштанка
Сведения, относящиеся к заглавию рассказ
Первые сведения об ответственности А. П. Чехов
Последующие сведения об ответственности рис. Б. Лебедевть
-- [ётафтозе А. Малаева]
210 ## - ПУБЛИКАЦИЯ, РАСПРОСТРАНЕНИЕ И ДР.
Место издания, распространения и т.д. Саранск
Имя издателя, распространителя и т. д. Морд. кн. изд-вась
Дата издания, распространения и т.д. 1954
215 ## - ФИЗИЧЕСКАЯ ХАРАКТЕРИСТИКА
Специфическое обозначение материала и объем 28 с.
Другие сведения о физической характеристике ил.
Размеры 27
686 1# - ИНДЕКСЫ ДРУГИХ КЛАССИФИКАЦИЙ
Индекс Ш9(2)672=Морд(Р)-4
700 #1 - ИМЯ ЛИЦА - ПЕРВИЧНАЯ ОТВЕТСТВЕННОСТЬ
Код отношения Автор
Материалы, к которым относится поле rus
Графика поля Кириллица
Начальный элемент ввода Чехов
Часть имени, кроме начального элемента ввода А. П.
Дополнения к именам, кроме дат писатель
Даты 1860-1904
Расширение инициалов личного имени Антон Павлович
Идентификатор авторитетной/нормативной записи RU\NLR\AUTH\77359
Системный номер авторитетной/нормативной записи 110414
702 #1 - ИМЯ ЛИЦА - ВТОРИЧНАЯ ОТВЕТСТВЕННОСТЬ
Начальный элемент ввода Лебедев
Часть имени, кроме начального элемента ввода Б.
Код отношения Иллюстратор
801 #0 - ИСТОЧНИК ЗАПИСИ
Страна Российская Федерация
Организация NLR
Дата составления 20100713
Правила каталогизации PSBO
852 ## - МЕСТОНАХОЖДЕНИЕ И ШИФР ХРАНЕНИЯ
Идентификатор организации NLR
Наименование фонда или коллекции (Sub-Location Identifier) ОНЛ
Шифр хранения (Call Number) Морд.м./4-106
942 ## - ДОПОЛНИТЕЛЬНЫЕ ЭЛЕМЕНТЫ ЗАПИСИ (АБИС)
Тип экземпляра АБИС Книга
980 ## - КОЛЛЕКЦИЯ
Название коллекции Национальная библиография
Экземпляры
Тип экземпляра Дата поступления Библиотека постоянного хранения Библиотека текущего хранения Место хранения Шифр хранения Штрих-код Статус экземпляра
Книга 26.10.2013 РНБ (Московский) РНБ (Московский) Фонд национальных литератур Морд.м./4-106 1-2410066